| 000 | 00634cam a2200169 4500 | ||
|---|---|---|---|
| 008 | 000000n2001 000 0 eng u | ||
| 035 | _a(Sirsi) u110412 | ||
| 245 | _aLimited contributions | ||
| 260 | _c2001 | ||
| 490 |
_aEstates Gazette _v(0102) 13 January 2001, 145(1) |
||
| 520 | _aWith reference to "Howkins & Harrison (a firm) v Tyler & another" discusses recent confirmation of the Court of Appeal that valuers cannot make defaulting borrowers contribute towards the lender's damages. | ||
| 590 | _aWB | ||
| 650 | _aHOWKINS & HARRISON (A FIRM) V TYLER AND ANOTHER | ||
| 650 | _aVALUERS | ||
| 650 | _aDAMAGES | ||
| 942 | _n0 | ||
| 999 |
_c65825 _d65825 |
||